| 000 | 00845nam a2200181Ia 4500 | ||
|---|---|---|---|
| 008 | 090124s9999 xx 000 0 und d | ||
| 082 | _b39886 | ||
| 100 | _aदाभोळकर नरेंद्र | ||
| 245 | _a ऐसे कैसे झाले भोंदू -बुवाबाजीचा समग्र पंचनामा | ||
| 250 | _a3 | ||
| 260 |
_bछाया प्रकाशन _c2003 |
||
| 300 | _a264 | ||
| 600 | _aदाभोळकर नरेंद्र | ||
| 630 | _a ऐसे कैसे झाले भोंदू -बुवाबाजीचा समग्र पंचनामा | ||
| 700 | _aदाभोळकर नरेंद्र | ||
| 730 | _a ऐसे कैसे झाले भोंदू -बुवाबाजीचा समग्र पंचनामा | ||
| 942 | _cBOOK | ||
| 999 |
_c101499 _d101499 |
||